Catalyst manufacture /
Guardado en:
| Autor Principal: | |
|---|---|
| Otros Autores: | |
| Formato: | Libro |
| Idioma: | English |
| Publicado: |
New York :
Dekker,
c1995.
|
| Edición: | 2nd ed. |
| Series: | Chemical industries ;
v. 63. |
| Materias: | |
| Acceso en línea: | Descripción |
| Etiquetas: |
Agregar Etiqueta
Sin Etiquetas, Sea el primero en etiquetar este registro!
|
| LEADER | 00963cam a22002655a 4500 | ||
|---|---|---|---|
| 001 | EIQ.libpla002231 | ||
| 008 | 950119s1995####nyua#####b####001#0#eng#d | ||
| 005 | 20070511154324.0 | ||
| 245 | 1 | 0 | |a Catalyst manufacture / |c Alvin B. Stiles, Theodore A. Koch. |
| 250 | |a 2nd ed. | ||
| 260 | |a New York : |b Dekker, |c c1995. | ||
| 300 | |a xiii, 291 p. : |b il. ; |c 24 cm. | ||
| 490 | 1 | |a Chemical industries ; |v 63 | |
| 504 | |a Incluye referencias bibliográficas (p. 279-285) e índice. | ||
| 020 | |a 0824794303 (acid-free) | ||
| 100 | 1 | |a Stiles, Alvin B., |d 1909- | |
| 700 | 1 | |a Koch, Theodore A., |d 1925- | |
| 830 | 0 | |a Chemical industries ; |v v. 63. | |
| 082 | 0 | 0 | |a 660/.2995 |2 20 |
| 650 | 4 | |a Industrias químicas |x Catalizadores. | |
| 650 | 4 | |a Chemical industries |x Catalysts. | |
| 010 | |a 95005435 | ||
| 040 | |a DLC |c DLC |d AR-BbSID | ||
| 856 | 4 | 2 | |3 Descripción |u http://www.loc.gov/catdir/enhancements/fy0647/95005435-d.html |
| 859 | |a AR-BbSID |b BIB. PLAPIQUI |h 660.299 5 |i St 53 |p 5233 | ||
